Discursos pedagogicos e imaginario en el peronismo (1945-1955) /

Guardado en:
Autor Principal: Puiggros, Adriana
Formato: Libro
Publicado: Buenos Aires : Galerna, 1995
Etiquetas: Agregar Etiqueta
Sin Etiquetas, Sea el primero en etiquetar este registro!
LEADER 00463nam a22001455a 4500
001 EHU.bham024403
003 AR-BHAM
005 20070905154852.0
008 130507s1995##################000#0#####d
082 3 7 |a 370.19 
100 1 |a Puiggros, Adriana 
245 1 0 |a Discursos pedagogicos e imaginario en el peronismo (1945-1955) /  |c Adriana Puiggros 
260 |a Buenos Aires :  |b Galerna,  |c 1995 
300 |a 308 p. 
859 |a AR-BHAM  |b BIB. HUMANIDADES - General  |h 370.19  |i P964-1  |p 213.02  |t Ej.1